Glengate-KG Properties Ltd v Norwich Union Fire Insurance Society Ltd and Others (Record no. 10464)
[ view plain ]
| 000 -LEADER | |
|---|---|
| fixed length control field | 01421cab a2200253 4500 |
| 001 - CONTROL NUMBER | |
| control field | ABS55348 |
| 008 - FIXED-LENGTH DATA ELEMENTS--GENERAL INFORMATION | |
| fixed length control field | 090401t1995 xxu||||| |||| 00| 0 eng d |
| 035 ## - SYSTEM CONTROL NUMBER | |
| System control number | (Sirsi) u15896 |
| 041 ## - LANGUAGE CODE | |
| Language code of text/sound track or separate title | eng |
| 245 ## - TITLE STATEMENT | |
| Title | Glengate-KG Properties Ltd v Norwich Union Fire Insurance Society Ltd and Others |
| 260 ## - PUBLICATION, DISTRIBUTION, ETC. | |
| Date of publication, distribution, etc. | 1995 |
| 350 ## - PRICE (NR) (BK AM CF MU VM SE) [OBSOLETE] | |
| Price | 0 |
| 490 ## - SERIES STATEMENT | |
| Series statement | All England Law Reports |
| Volume/sequential designation | (1995) 2 All ER 487-505 (10) |
| 520 ## - SUMMARY, ETC. | |
| Summary, etc. | CA 21 December 1995. G took out a consequential loss policy with N for the purposes of a redevelopment project. Under the policy< N agreed to indemnify G for loss of anticipated rent. The insurance was subject to a material damage proviso. In September 1995, a fire destroyed the architects office and severla documents including work-in-progress drawings whci were not insured. The development was delayed. G commenced proceedings against N and the judge held in favour of G that the drawings constituted property used by G within the meaning of the policy and that G had no insurable interest in them under the material damage proviso. N appealed, G cross-appealed. Both appeals dismissed. |
| 650 ## - SUBJECT ADDED ENTRY--TOPICAL TERM | |
| Topical term or geographic name entry element | ARCHITECTS' DRAWINGS |
| 650 ## - SUBJECT ADDED ENTRY--TOPICAL TERM | |
| Topical term or geographic name entry element | CONSEQUENTIAL LOSS |
| 650 ## - SUBJECT ADDED ENTRY--TOPICAL TERM | |
| Topical term or geographic name entry element | DOCUMENTS |
| 650 ## - SUBJECT ADDED ENTRY--TOPICAL TERM | |
| Topical term or geographic name entry element | FIRE DAMAGE |
| 650 ## - SUBJECT ADDED ENTRY--TOPICAL TERM | |
| Topical term or geographic name entry element | GLENGATE-KG PROPERTIES LTD V NORWICH UNION FIRE INSURANCE SOCIETY LTD |
| 650 ## - SUBJECT ADDED ENTRY--TOPICAL TERM | |
| Topical term or geographic name entry element | INSURANCE POLICIES |
| 690 ## - LOCAL SUBJECT ADDED ENTRY--TOPICAL TERM (OCLC, RLIN) | |
| Topical term or geographic name as entry element | INSURANCE-CASE LAW |
| 942 ## - ADDED ENTRY ELEMENTS (KOHA) | |
| Suppress in OPAC | 0 |
| 948 ## - LOCAL PROCESSING INFORMATION (OCLC); SERIES PART DESIGNATOR (RLIN) | |
| c (OCLC) | 04/03/1997 |
| Withdrawn status | Lost status | Source of classification or shelving scheme | Damaged status | Not for loan | Home library | Current library | Shelving location | Date acquired | Total Checkouts | Full call number | Barcode | Date last seen | Copy number | Price effective from | Koha item type |
|---|---|---|---|---|---|---|---|---|---|---|---|---|---|---|---|
| Dewey Decimal Classification | London | London | Journal article | 14/09/1999 | ABS55348 | 15896-1001 | 06/08/2019 | 1 | 06/08/2019 | Law report |